000 00446pab a2200169 454500
008 180718b2003 xxu||||| |||| 00| 0 eng d
100 _aBartlett, Sheridan
245 _aWater, sanitation and urban children: the need to go beyond "improved" provision
260 _c2003
300 _ap.57-70.
362 _aOct
650 _aChildren
650 _aWater
650 _aSanitation
773 _aEnvironment and Urbanization
909 _a58805
999 _c58805
_d58805